Dimensiones de la libertad religiosa en el Derecho espaǫl

Bibliographic Details
Main Author: Polo Sabau, Jos ̌Ramn̤
Format: eBook
Language:Spanish
Published: Barcelona: J.M. Bosch Editor, 2014
Subjects:
Online Access:Acceso restringido

MARC

LEADER 00000nam a22000007a 4500
005 20140917220442.0
007 cr|||| ||||
008 140917s2014 es |||||s|||| 00||0 spa d
020 |a 978-84-941435-8-8 
035 |a 12392 
040 |a vLex 
090 |c 5169  |d 5169 
100 1 |a Polo Sabau, Jos ̌Ramn̤ 
245 1 0 |a Dimensiones de la libertad religiosa en el Derecho espaǫl  |h [Recurso electrn̤ico] /  |c Jos ̌Ramn̤ Polo Sabau 
256 |a Servicio en ln̕ea 
260 |a Barcelona:  |b J.M. Bosch Editor,  |c 2014 
300 |a 1 recurso electrn̤ico 
506 1 |a Disponible solo en los productos indicados  |d vLex Global  |d vLex Global (Academic Edition, excluding Law Schools)  |d vLex Global (U.S. Academic Edition, Law Schools)  |d vLex Global (U.S. Academic Edition, excluding Law Schools)  |d vLex Global (Academic Edition, Law Schools) 
650 0 4 |a Derechos y Deberes fundamentales  |z Espaą 
740 0 |a vLex Libros (Servicio en ln̕ea) 
856 4 0 |u http://vlex.com/source/dimensiones-libertad-religiosa-derecho-espa-ol-12392  |z Acceso restringido 
942 |c BOOK 
999 0 |a Fundamental Rights and Duties